000 03541nam a2200709 i 4500
001 194288
003 ES-MaACL
005 20250825062735.0
007 ta
008 240423s2023 sp ||||| |||| 00| 0 spa d
017 _aM 33971-2023
020 _a978841279714
040 _bspa
_cES-MaACL
100 0 _947827
_aEspín, Manuel
_eaut
245 1 0 _a27 mujeres en la encrucijada :
_bvidas de españolas del siglo XX que rompieron moldes, buscando "su lugar en el mundo", contra prejuicios y discriminaciones /
_cManuel Espín
246 _aVeintisiete mujeres en la encrucijada
264 1 _a[Madrid] :
_bOndina Ediciones,
_c[2023]
264 4 _a@2023
300 _a333 páginas ;
_c21 cm
336 _2rdacontent
_atexto
337 _2rdamedia
_asin mediación
338 _2rdacarrier
_avolumen
490 1 _aColección Teknós
520 _a27 retratos biográficos sobre españolas del siglo XX que desde las artes, las ciencias, el periodismo o la política trataron de dejar huella frente a la rutina o el conformismo, Carmen de Burgos, María Lejárraga, María Goyri, María Blanchard, Tórtola Valencia, Zanobia Camprubí, Carmen Baroja, Remedios Varo, Elena Fortún, María Luz Morales, Josefina de la Torre, Lilí Álvarez, María Zambrano, Carlota O'Neill, Ana María Martínez Sagi, Elisabeth Mulder, Josefina Carabias, Margarita Nelken, Mercé Rodoreda, Mercedes Formica, Elena Soriano, Carmen Martín Gaite, Ana Mariscal, Carmen Díez de Rivera... y muchas más.
600 1 4 _932646
_aBurgos, Carmen de,
_d1867-1932
600 1 4 _978430
_aMartínez Sierra, María,
_d1874-1974
600 1 4 _959416
_aGoyri de Menéndez Pidal, María
600 1 7 _9146419
_aBlanchard, María
600 1 7 _9170518
_aValencia, Tórtola
600 0 4 _992224
_aPinto, Mercedes
600 0 4 _925750
_aBaroja, Carmen
600 1 4 _934307
_aCamprubí de Jiménez, Zenobia
600 0 4 _980112
_aMéndez Cuesta, Concha,
_d1898-1986
600 0 4 _9113239
_aVaro, Remedios
600 1 7 _2embne
_9166428
_aFortún, Elena,
_d1886-1952
600 1 4 _983001
_aMorales, María Luz,
_d1889-1980
600 1 7 _2embne
_9240496
_aDurán, Victorina,
_d1899-1993
600 0 4 _9110744
_aTorre, Josefina de la
600 0 4 _920657
_aAlvarez, Lilí
600 1 4 _9117914
_aZambrano, María,
_d1904-1991
600 1 4 _986349
_aO'Neill, Carlota,
_d1904-1990
600 1 4 _9240497
_aSagi, Ana María,
_d1907-2000
600 0 4 _984098
_aMulder, Elisabeth
600 1 4 _934924
_aCarabias, Josefina,
_d1908-1980
600 1 4 _998166
_aRodoreda, Mercè
600 1 4 _9240498
_aDíaz Gimeno, Rosa,
_d1911-1986
600 1 4 _9107375
_aSoriano, Elena,
_d1917-1996
600 1 4 _9155403
_aFormica, Mercedes,
_d1913-2002
600 1 4 _976884
_aMariscal, Ana,
_d1923-1995
600 1 4 _977496
_aMartín Gaite, Carmen,
_d1925-2000
600 1 4 _9234277
_aDíez de Rivera, Carmen,
_d1942-1999
650 0 _aEspañolas-
_xBiografias
_9235946
655 0 _aBiografías
_9176647
830 _aColección Teknós
_9235945
852 _aEs-MaACL
_cDEPOJ
_jN-9786
_gDedicatoria autógrafa del autor
_hDonación: Manuel Espín
_9201863
_bR.155010
_xEncuadernación rústica con solapas
903 _947827
_aEspín, Manuel
_ednr
942 _n0
_cMONOGRAFIA
999 _c194288
_d194288